000 01359nam0a22002771 4500
001 rc\3483248
005 20130115140636.8
021 _aRU
_b73-18134
021 _aRU
_bРг6546-73
035 _a(NLR Aleph) 007603056
090 _a5735400
_c5735400
100 _a20130115d1973 |||y0rusy50 ca
101 0 _arus
102 _aRU
105 _ay z |||||
200 1 _aЗемельный кадастр и проблемы рационального использования земли
_e(Тезисы докл. на Всесоюз. координац. совещ. по экономике сел. хоз-ва, Москва, март 1973 г.)
_fМ-во сел. хоз-ва КазССР. Каз. науч.-исслед. ин-т экономики и организации сел. хоз-ва
210 _aАлма-Ата
_cБ. и.
_d1973
215 _a24 с.
_d21
300 _aПеред загл. авт.: Г.С. Николенко, д-р экон. наук, проф.
700 1 _aНиколенко
_bГ. С.
_gГеоргий Саввич
712 1 2 _aВсесоюзное координационное совещание по экономике сельского хозяйства
_f1973
_eМосква
_3RU\NLR\AUTH\8810118892
801 0 _aRU
_bNLR
_gpsbo
801 1 _aRU
_bELAR
_2rusmarc
852 _aNLR
_j73-4/12600
942 _cBOOK
980 _aNB